00798nam a22002177a 4500008004100000020001500041040001800056041000800074100001900082245006100101250001100162260006200173300003100235490002900266500009400295504003800389650002200427650003900449650004500488650004700533130821s1999 fr gr fre  a2130501192 aCo-BoUCMbspa00afre1 aSchapira, Jean10aDroit européen des affairescJean Schapira...[et al.]. a5e ed. aParís (Francia)bPresses universitaires de Francec1999 av. 1 (xxvi, 484 páginas) 0aThémis.pDroit Privé aRev. ed. of: Droit européen des affaires / Jean Schapira. 2e éd. mise à jour. 1990. aIncluye bibliografía e índice04aDerecho comercial04aDerecho comercialzUnión Europea04aLegislación comercialzUnión Europea04aRegulación del comerciozUnión Europea